Cradle to cradle: remaking the way we make things

Gespeichert in:
Bibliographische Detailangaben
Hauptverfasser: McDonough, William (autor), Braungart, Michael (VerfasserIn)
Format: Buch
Sprache:Englisch
Veröffentlicht: Nueva York Durabook 2002
Ausgabe:1a. ed
Schlagworte:
Tags: Tag hinzufügen
Keine Tags, Fügen Sie den ersten Tag hinzu!

MARC

LEADER 00000cam a2200000 a 4500
001 UCD5636
003 CL-VaPUC
005 20250326101858.0
008 160930e20020000us |||||||||||||||||eng|d
999 |c 366260  |d 366258 
020 |a 9780865745878 
040 |c Pontificia Universidad Católica de Valparaíso 
082 0 4 |a 745.2  |b MCD  |2 21 
100 |a McDonough, William  |e autor  |9 589420 
245 1 0 |a Cradle to cradle: remaking the way we make things 
250 |a 1a. ed 
260 |a Nueva York  |b Durabook  |c 2002 
300 |a 193 p 
583 |a last modification  |c 20160930 08:06:00  |k Rodrigo Vera 
650 0 |a Reciclaje  |9 382935 
650 7 |a manejo sustentable  |2 CL-VaPUC  |9 483509 
650 7 |a industria del reciclado  |9 889199 
700 0 |a Braungart, Michael  |e author  |9 589421 
942 |c BK  |2 ddc 
945 |d 20160930 08:06:00  |a dcastane 
952 |0 0  |1 0  |3 erb  |4 0  |6 745_200000000000000_MCD_2002  |7 0  |8 A  |9 480371  |a BIBING  |b BIBING  |i 5343097  |o 745.2 MCD 2002  |p 5343097  |r 2025-01-20  |w 2019-11-24  |y BK  |z Catalogado en:20160930  |k EII 
952 |0 0  |1 0  |3 erb  |4 0  |6 745_200000000000000_MCD_2002  |7 0  |8 A  |9 480372  |a BIBING  |b BIBING  |i 5343089  |o 745.2 MCD 2002  |p 5343089  |r 2025-01-20  |w 2019-11-24  |y BK  |z Catalogado en:20160930  |k EII